Victoria Ocampo : criolla gigantesca /
Victoria Ocampo constituye una de las personalidades de la cultura argentina que más contribuyó al desarrollo artístico y literario del país. Desafió las convenciones y las reglas de una sociedad acostumbrada a que el varón se beneficiara con la libertad de la vida pública y la mujer custodiara la i...
Guardado en:
| Autor Principal: | |
|---|---|
| Formato: | Libro |
| Idioma: | Undetermined |
| Publicado: |
Buenos Aires :
Aguilar,
2006.
|
| Edición: | 1a ed. |
| Series: | Protagonistas de la cultura argentina
|
| Materias: | |
| Etiquetas: |
Agregar Etiqueta
Sin Etiquetas, Sea el primero en etiquetar este registro!
|
| LEADER | 02672nam a22002175a 4500 | ||
|---|---|---|---|
| 001 | CEM.cems020702 | ||
| 008 | 231128s2006####ag############000#0#und#d | ||
| 005 | 20231128160502.0 | ||
| 245 | 1 | 0 | |a Victoria Ocampo : |b criolla gigantesca / |c Josefina Delgado. |
| 250 | |a 1a ed. | ||
| 260 | |a Buenos Aires : |b Aguilar, |c 2006. | ||
| 300 | |a 144 p. | ||
| 490 | 1 | |a Protagonistas de la cultura argentina | |
| 505 | 0 | |a Primeros años (El sueño americano -- La recién nacida -- Una familia ilustre -- Una niñez privilegiada -- En sintonía con la naturaleza -- El descubrimiento del mundo -- De la mano de las institutrices) -- El despertar de la vocación (Nace una nueva mujer -- Las lecturas: príncipes y héroes -- La magia del teatro -- Un viaje revelador -- Amor y desengaño -- Finalmente, la libertad -- Primeros ensayos) -- El poder de la pluma (El filósofo español -- La espiritualidad oriental -- Una relación tempestuosa) -- Una ventana al mundo (Una afrenta al buen gusto -- El redescubrimiento de Europa -- Nuevas amistades -- Un alma sin pasaporte -- Una propuesta tentadora) -- Un puente cultural (Antecedentes literarios -- Los orígenes -- Amigos incondicionales -- Un nuevo emprendimiento -- Volando con alas propias -- Igor Stravinsky -- Otra alma femenina) -- La lucha por los derechos (La Unión de Mujeres Argentina -- Los ecos de la barbarie -- Estalla la gran guerra -- Ayuda sin fronteras -- Cambios políticos -- Las libertades individuales en peligro -- Encierro y meditación -- La liberación) -- El declinar de un gigante (Tiempo de balances -- La popularidad de los escritores argentinos -- El tributo a una grande -- El fin de una larga etapa -- Una generosidad sin límites -- El destino de Villa Ocampo -- Sus escritos y sus testimonios) -- Lo que nos deja -- Cronología -- Bibliografía | |
| 520 | |a Victoria Ocampo constituye una de las personalidades de la cultura argentina que más contribuyó al desarrollo artístico y literario del país. Desafió las convenciones y las reglas de una sociedad acostumbrada a que el varón se beneficiara con la libertad de la vida pública y la mujer custodiara la intimidad del hogar. Contra toda resistencia, familiar y pública, se dedicó a cultivar lo que fue para ella su gran pasión: la literatura y el arte. Y con esa determinación que la caracterizaba, fue abriendo camino para que las futuras generaciones de mujeres escritoras pudieran encontrar en su ejemplo un espacio propio. | ||
| 020 | |a 9870404871 | ||
| 100 | 1 | |a Delgado, Josefina. | |
| 653 | |a Biografía | ||
| 653 | |a Campo cultural argentino | ||
| 653 | |a Cultura argentina | ||
| 859 | |a CEMS |b BIB. CEMS - 11 de abril |h 928 |i D378 |p 29813.23 |t Ej. 1 | ||
